School building resources and their effective use: some available techniques and their policy implications

Guardat en:
Dades bibliogràfiques
Autor principal: Oddie, Guy B. (Autor)
Format: Llibre
Idioma:anglès
Publicat: París OECD 1966
Col·lecció:Education and Development
Matèries:
Etiquetes: Afegir etiqueta
Sense etiquetes, Sigues el primer a etiquetar aquest registre!

MARC

LEADER 00000nam a2200000 a 4500
001 UCU1470
003 CL-VaPUC
008 960404e19660000FR |||||||||||||||||eng|d
082 0 4 |a 371.62  |b ODD  |2 21 
100 |a Oddie, Guy B.  |e author  |9 357115 
245 1 0 |a School building resources and their effective use: some available techniques and their policy implications 
300 |a 160 p 
942 |c BK 
945 |d 19960404 00:00:00  |a lriquelm 
260 |a París  |b OECD  |c 1966 
650 7 |a INSTALACIONES EDUCACIONALES  |2 CL-VaPUC  |9 339746 
650 0 |a Edificios educacionales   |9 339745 
650 0 |a Política educacional  |9 308011 
583 |a last modification  |c 19960404 00:00:00  |k Rodrigo Vera 
490 0 |a Education and Development 
999 |c 246073  |d 246071 
952 |0 0  |1 0  |4 0  |6 371_620000000000000_ODD_1966  |7 0  |8 P  |9 260807  |a BIBEDU  |b BIBEDU  |c BIBEDU_PB  |d 2019-11-19  |i 2014076  |o 371.62 ODD 1966  |p 2014076  |r 2024-01-25  |w 2019-11-19  |y BK  |k EDU